000 00495nam a2200169Ia 4500
008 240729s9999 xx 000 0 und d
022 _a1662-5099
245 0 _aFrontiers in Molecular Neuroscience
260 _aSwitzerland
260 _bFrontiers Media S.A.
650 _a Internal medicine
650 _a Neurosciences. Biological psychiatry. Neuropsychiatry
650 _aMedicine
856 _uhttps://doaj.org/toc/eca0184c4be249038272eea50bad4dec
942 _2ddc
942 _cDOAJEJ
999 _c67381
_d67381
945 _a1
_bMadushi Gamage
_c1
_dMadushi Gamage